[Event "Titled Tuesday intern op 31st May Late"]
[Site "Chess.com INT"]
[Date "2022.05.31"]
[Round "3"]
[White "Melikyan, Gnel"]
[Black "Shapiro, David"]
[Result "0-1"]
[WhiteElo "2159"]
[BlackElo "2393"]
[PlyCount "72"]
[EventDate "2022.05.31"]
[EventType "swiss (blitz)"]
[EventRounds "11"]
[EventCountry "USA"]
[SourceTitle "CBM 208 Extra"]
[Source "ChessBase"]
[SourceDate "2022.07.31"]
[SourceVersion "1"]
[SourceVersionDate "2022.07.31"]
[SourceQuality "1"]

1. e4 e5 2. Nf3 Nf6 3. Nxe5 d6 4. Nf3 Nxe4 5. Nc3 Nxc3 6. dxc3 Be7 7. Bf4 Nd7 8. Qd2 Nc5 9. 0-0-0 0-0 10. h3 Re8 11. g4 Ne4 12. Qe1 Bf6 13. Be3 c6 14. Bg2 Qa5 15. a3 Bxc3 16. Qe2 Bxb2+ 17. Kxb2 Qc3+ 18. Kb1 Qxa3 19. Rd3 Nc3+ 20. Rxc3 Qxc3 21. Qd3 Qxd3 22. cxd3 a5 23. Nd4 Bd7 24. Rc1 a4 25. Nc2 c5 26. Bf4 Ra6 27. Ka1 b5 28. d4 b4 29. dxc5 dxc5 30. Ne3 a3 31. Rxc5 b3 32. Bd5 Be6 33. Rb5 Bxd5 34. Rxd5 Rc8 35. Nf5 Re8 36. Rb5 Re1+ 0-1

[Event "Titled Tuesday intern op 31st May Late"]
[Site "Chess.com INT"]
[Date "2022.05.31"]
[Round "11"]
[White "Shapiro, David"]
[Black "Jones, Gawain C B"]
[Result "1-0"]
[WhiteElo "2393"]
[BlackElo "2669"]
[PlyCount "131"]
[EventDate "2022.05.31"]
[EventType "swiss (blitz)"]
[EventRounds "11"]
[EventCountry "USA"]
[SourceTitle "CBM 208 Extra"]
[Source "ChessBase"]
[SourceDate "2022.07.31"]
[SourceVersion "1"]
[SourceVersionDate "2022.07.31"]
[SourceQuality "1"]

1. d4 d5 2. c4 c6 3. cxd5 cxd5 4. Nc3 Nc6 5. Bf4 e6 6. e3 Nf6 7. Bd3 Bd6 8. Bg3 0-0 9. Nf3 Re8 10. Rc1 e5 11. dxe5 Nxe5 12. Nxe5 Bxe5 13. 0-0 Bg4 14. Be2 Bxe2 15. Nxe2 Bxb2 16. Rb1 Be5 17. Rxb7 Bxg3 18. Nxg3 Ne4 19. Qd4 Nxg3 20. hxg3 Qa5 21. a4 Re4 22. Qb2 h5 23. Rb8+ Rxb8 24. Qxb8+ Kh7 25. Qb7 Kg6 26. Rd1 Rxa4 27. Qc6+ Kh7 28. Rxd5 Qe1+ 29. Kh2 Ra5 30. Qc2+ g6 31. Qc7 Rxd5 32. Qxf7+ Kh6 33. Qf8+ Kh7 34. Qf7+ Kh8 35. Qxd5 Qxf2 36. Qa8+ Kg7 37. Qxa7+ Kh6 38. Qd4 Kh7 39. Qf4 Qe2 40. e4 Qd3 41. e5 Qd5 42. Qf6 h4 43. Qxh4+ Kg8 44. Qf6 Kh7 45. e6 Kg8 46. Qf7+ Kh8 47. Qf6+ Kg8 48. e7 Qh5+ 49. Qh4 Qe5 50. Kh3 Qe6+ 51. Qg4 Qxe7 52. Qxg6+ Kh8 53. Qh6+ Kg8 54. Qh4 Qe1 55. Qg4+ Kh8 56. Kh4 Qh1+ 57. Kg5 Qa1 58. Qf5 Kg8 59. Qg6+ Kh8 60. Qf6+ Qxf6+ 61. Kxf6 Kh7 62. g4 Kg8 63. g5 Kf8 64. g6 Kg8 65. g7 Kh7 66. Kf7 1-0

[Event "Titled Tuesday intern op 05th Apr Late"]
[Site "Chess.com INT"]
[Date "2022.04.05"]
[Round "1"]
[White "Sevian, Samuel"]
[Black "Shapiro, David"]
[Result "1/2-1/2"]
[WhiteElo "2693"]
[BlackElo "2399"]
[PlyCount "152"]
[EventDate "2022.04.05"]
[EventType "swiss (blitz)"]
[EventRounds "11"]
[EventCountry "USA"]
[SourceTitle "CBM 207 Extra"]
[Source "ChessBase"]
[SourceDate "2022.05.31"]
[SourceVersion "1"]
[SourceVersionDate "2022.05.31"]
[SourceQuality "1"]

1. d4 d5 2. c4 c6 3. Nc3 Nf6 4. e3 a6 5. Bd3 b5 6. c5 g6 7. f4 Bg7 8. Nf3 0-0 9. Qc2 a5 10. Ne5 Nfd7 11. 0-0 Nxe5 12. dxe5 f6 13. exf6 exf6 14. e4 b4 15. Na4 dxe4 16. Bc4+ Kh8 17. Nb6 Ra7 18. Be3 Qe7 19. Rad1 Be6 20. Rd6 Bxc4 21. Qxc4 f5 22. Rfd1 Qf7 23. Re6 Re7 24. Rdd6 Rxe6 25. Rxe6 Re8 26. Rxe4 Qxc4 27. Rxe8+ Qg8 28. Rxg8+ Kxg8 29. b3 Kf7 30. Nc4 Ke6 31. Nxa5 Kd5 32. Nc4 Bd4 33. Kf2 Kxc5 34. Ke2 Nd7 35. Kd3 Bxe3 36. Nxe3 Nb6 37. g3 Kd6 38. h3 h5 39. Ng2 Nd5 40. Nh4 Ne7 41. Kc4 c5 42. Nf3 Nc6 43. h4 Na5+ 44. Kb5 Nc6 45. Kb6 Nd4 46. Ne5 Ne2 47. Nxg6 Nxg3 48. Kb5 Kd5 49. Ne7+ Ke4 50. Kxc5 Kxf4 51. Kxb4 Ke4 52. a4 f4 53. a5 f3 54. a6 f2 55. a7 f1Q 56. a8Q+ Kf4 57. Qf8+ Kg4 58. Qg7+ Kxh4 59. Ng6+ Kh3 60. Qe7 Qf5 61. Qh4+ Kg2 62. Nf4+ Kf3 63. Nxh5 Qxh5 64. Qd8 Qg4+ 65. Ka3 Ne4 66. b4 Qf4 67. Ka4 Nd2 68. Qd5+ Ne4 69. b5 Ke3 70. Ka5 Qc7+ 71. b6 Qc5+ 72. Qxc5+ Nxc5 73. Kb5 Nb7 74. Kc6 Na5+ 75. Kc7 Kd4 76. b7 Nxb7 1/2-1/2

[Event "Titled Tuesday intern op 05th Apr Late"]
[Site "Chess.com INT"]
[Date "2022.04.05"]
[Round "3"]
[White "Shapiro, David"]
[Black "Davtyan, David"]
[Result "1-0"]
[WhiteElo "2399"]
[BlackElo "2305"]
[PlyCount "43"]
[EventDate "2022.04.05"]
[EventType "swiss (blitz)"]
[EventRounds "11"]
[EventCountry "USA"]
[SourceTitle "CBM 207 Extra"]
[Source "ChessBase"]
[SourceDate "2022.05.31"]
[SourceVersion "1"]
[SourceVersionDate "2022.05.31"]
[SourceQuality "1"]

1. d4 Nf6 2. Nc3 d5 3. Bf4 a6 4. e3 Bf5 5. f3 e6 6. g4 Bg6 7. h4 h5 8. g5 Nfd7 9. Bd3 Bxd3 10. Qxd3 g6 11. e4 c6 12. Nge2 Bg7 13. 0-0-0 b5 14. Ng3 Nb6 15. Rde1 N8d7 16. exd5 cxd5 17. Rxe6+ fxe6 18. Qxg6+ Kf8 19. Bd6+ Kg8 20. Qxe6+ Kh7 21. g6+ Kh6 22. Nf5# 1-0

[Event "Titled Tuesday intern op 05th Apr Late"]
[Site "Chess.com INT"]
[Date "2022.04.05"]
[Round "6"]
[White "Shapiro, David"]
[Black "Martin Duque, Jesus"]
[Result "0-1"]
[WhiteElo "2399"]
[BlackElo "2421"]
[PlyCount "64"]
[EventDate "2022.04.05"]
[EventType "swiss (blitz)"]
[EventRounds "11"]
[EventCountry "USA"]
[SourceTitle "CBM 207 Extra"]
[Source "ChessBase"]
[SourceDate "2022.05.31"]
[SourceVersion "1"]
[SourceVersionDate "2022.05.31"]
[SourceQuality "1"]

1. d4 Nf6 2. Nc3 d5 3. Bf4 a6 4. e3 e6 5. g4 c5 6. g5 Nfd7 7. h4 b5 8. Bg2 Bb7 9. h5 b4 10. Nce2 Nc6 11. g6 hxg6 12. hxg6 Rxh1 13. gxf7+ Kxf7 14. Bxh1 c4 15. Ng3 Qh4 16. Nf3 Qh8 17. Ng5+ Ke7 18. Qg4 Nd8 19. Nf3 Nf6 20. Bg5 Bc8 21. Ne5 Ke8 22. Qf3 Nf7 23. Bxf6 gxf6 24. Nxc4 Ng5 25. Qf4 Qh2 26. Nb6 e5 27. dxe5 Nh3 28. 0-0-0 Nxf4 29. Nxa8 Qxf2 30. Nc7+ Kd8 31. Nxd5 Nxd5 32. Rxd5+ Kc7 0-1

[Event "Titled Tuesday intern op 14th Dec"]
[Site "Chess.com INT"]
[Date "2021.12.14"]
[Round "1"]
[White "Van den Dikkenberg, Erik"]
[Black "Shapiro, David"]
[Result "0-1"]
[WhiteElo "2158"]
[BlackElo "2399"]
[PlyCount "88"]
[EventDate "2021.12.14"]
[EventType "swiss (blitz)"]
[EventRounds "11"]
[EventCountry "USA"]
[SourceTitle "EXT 2023"]
[Source "ChessBase"]
[SourceDate "2022.10.05"]
[SourceVersion "1"]
[SourceVersionDate "2022.10.05"]
[SourceQuality "1"]

1. e4 e5 2. Nc3 Nf6 3. f4 d5 4. fxe5 Nxe4 5. Nf3 c5 6. Bb5+ Bd7 7. Qe2 Nxc3 8. dxc3 Bxb5 9. Qxb5+ Qd7 10. Qe2 Nc6 11. Bf4 Be7 12. 0-0-0 0-0-0 13. Kb1 h6 14. Rhe1 Qe6 15. Qb5 g5 16. Be3 b6 17. h3 Kb7 18. a4 a6 19. Qf1 Na5 20. Qg1 Nc4 21. Bc1 b5 22. b3 Na5 23. axb5 axb5 24. Qf1 Qa6 25. e6 f6 26. c4 bxc4 27. Nd2 cxb3 28. Nxb3 Qb6 29. Bb2 Nxb3 30. cxb3 Qxb3 31. Rd3 Qb5 32. Ree3 c4 33. Ra3 Bxa3 34. Rxa3 Ra8 35. Rc3 Ra6 36. Qf5 Rb6 37. Rc2 c3 38. Qxf6 Rc8 39. Qf7+ Rc7 40. e7 Qd3 41. Kc1 cxb2+ 42. Kb1 Qxc2+ 43. Ka2 b1Q+ 44. Ka3 Qca2# 0-1

[Event "Titled Tuesday intern op 07th Sept"]
[Site "Chess.com INT"]
[Date "2021.09.07"]
[Round "1"]
[White "Araujo Filho, Luiz Antonio"]
[Black "Shapiro, David"]
[Result "0-1"]
[WhiteElo "2089"]
[BlackElo "2399"]
[PlyCount "124"]
[EventDate "2021.09.07"]
[EventType "swiss (blitz)"]
[EventRounds "11"]
[EventCountry "USA"]
[SourceTitle "EXT 2022"]
[Source "ChessBase"]
[SourceDate "2021.10.06"]
[SourceVersion "1"]
[SourceVersionDate "2021.10.06"]
[SourceQuality "1"]

1. d4 d5 2. Nf3 Nf6 3. e3 c5 4. c3 Nc6 5. Nbd2 cxd4 6. exd4 Bg4 7. Qa4 Bd7 8. Qd1 Qc7 9. Bd3 Bg4 10. Qa4 Bd7 11. Qd1 g6 12. 0-0 Bg7 13. Re1 0-0 14. Ne5 Bf5 15. Bxf5 gxf5 16. Ndf3 Ne4 17. Nxc6 bxc6 18. Nh4 e6 19. Qh5 Kh8 20. Re3 Nf6 21. Qe2 Bh6 22. Rh3 Bxc1 23. Rxc1 Rg8 24. Nf3 Rg7 25. Ne5 Rag8 26. g3 Ng4 27. Nd3 Nf6 28. Re1 Ne4 29. Ne5 c5 30. f3 cxd4 31. cxd4 Qb6 32. fxe4 Qxd4+ 33. Qf2 Qxe5 34. exf5 Qxf5 35. Qxf5 exf5 36. Re5 f4 37. Rxd5 fxg3 38. Rxg3 Rxg3+ 39. hxg3 Rxg3+ 40. Kf2 Rg6 41. Ra5 a6 42. b4 Kg7 43. a3 Rc6 44. Kf3 Kg6 45. Kf4 h6 46. b5 Rc4+ 47. Ke5 axb5 48. Rxb5 Ra4 49. Rb3 h5 50. Rg3+ Kh6 51. Kf6 Rf4+ 52. Ke5 Rf1 53. a4 Ra1 54. Kf6 Rxa4 55. Kxf7 Rf4+ 56. Ke6 h4 57. Rh3 Kg5 58. Ke5 Rf8 59. Ke4 Kg4 60. Ra3 Re8+ 61. Kd3 h3 62. Ra1 h2 0-1

[Event "Titled Tuesday intern op 07th Sept"]
[Site "Chess.com INT"]
[Date "2021.09.07"]
[Round "4"]
[White "Stojanovski, Sandi"]
[Black "Shapiro, David"]
[Result "0-1"]
[WhiteElo "2232"]
[BlackElo "2399"]
[PlyCount "88"]
[EventDate "2021.09.07"]
[EventType "swiss (blitz)"]
[EventRounds "11"]
[EventCountry "USA"]
[SourceTitle "EXT 2022"]
[Source "ChessBase"]
[SourceDate "2021.10.06"]
[SourceVersion "1"]
[SourceVersionDate "2021.10.06"]
[SourceQuality "1"]

1. d3 d5 2. Nf3 Nf6 3. g3 Nc6 4. Bg2 e5 5. 0-0 Be6 6. c4 dxc4 7. Qa4 Nd7 8. Ng5 Nb6 9. Nxe6 Nxa4 10. Bxc6+ bxc6 11. Nxd8 Rxd8 12. dxc4 Bc5 13. Nd2 Nxb2 14. Nb3 Na4 15. Nxc5 Nxc5 16. Be3 Na4 17. Bxa7 c5 18. Rfb1 Ra8 19. Rb5 Kd7 20. Bxc5 Kc6 21. Bb4 Rhb8 22. Rxb8 Rxb8 23. Bd2 Rb2 24. Be3 Rxe2 25. a3 Rc2 26. Rb1 Rxc4 27. Rb8 f5 28. Rg8 f4 29. Bd2 f3 30. h4 g6 31. Rg7 Rc2 32. Be3 Nc3 33. Rxh7 Nd1 34. Rh6 Nxe3 35. Rxg6+ Kd5 36. fxe3 Ke4 37. h5 Kxe3 38. Rf6 Rc1+ 39. Kh2 f2 40. h6 f1Q 41. Rxf1 Rxf1 42. Kh3 Kf3 43. Kh4 Rh1+ 44. Kg5 Kxg3 0-1